[Event "14. Bayer Open"]
[Site "Leverkusen"]
[Date "2016.02.29"]
[Round "5.47"]
[White "Hoferichter, Michael"]
[Black "Elsweiler, Karl-Heinz"]
[Result "0-1"]
[WhiteElo "1375"]
[BlackElo "1571"]
[PlyCount "68"]
[EventDate "2016.??.??"]
[WhiteTeam "Klub Kölner SF"]
[BlackTeam "SV Opladen"]

1. e4 d5 2. exd5 Qxd5 3. Nc3 Qa5 4. d4 c6 5. Bd2 Qd8 6. h3 Qxd4 7. Nf3 Qd8 8.
Bc4 e6 9. Qe2 Bd6 10. Ng5 Qe7 11. O-O-O Nf6 12. Rhe1 b5 13. Bd3 h6 14. Nge4
Nxe4 15. Nxe4 Na6 16. Nxd6+ Qxd6 17. Ba5 Qf4+ 18. Kb1 O-O 19. Bd2 Qf6 20. Bc3
Qe7 21. Qe4 g6 22. Bxb5 Rb8 23. Qd4 f6 24. Bc4 Nc5 25. b3 a5 26. Qg4 Kh7 27.
Re3 e5 28. Bxa5 Bxg4 29. hxg4 Na4 30. Red3 Qa3 31. Bc3 Nxc3+ 32. Rxc3 Ra8 33.
Rd7+ Kh8 34. b4 Qxc3 0-1

[Event "14. Bayer Open"]
[Site "Leverkusen"]
[Date "2016.02.29"]
[Round "5.48"]
[White "Azimi, Reza"]
[Black "Milz, Ulrich"]
[Result "0-1"]
[WhiteElo "1366"]
[BlackElo "1474"]
[PlyCount "70"]
[EventDate "2016.??.??"]
[WhiteTeam "Schachuzipus Köln-Mülheim"]
[BlackTeam "SC Bayer Leverkusen"]

1. e4 b6 2. d4 e6 3. Nf3 Bb7 4. Bd3 Nc6 5. c3 Nce7 6. Bg5 h6 7. Bh4 d5 8. exd5
Bxd5 9. Nbd2 Qd7 10. a4 Nf5 11. Bg3 Nxg3 12. fxg3 Bd6 13. O-O Ne7 14. Qe2 O-O
15. Ne4 Rac8 16. Bc2 c5 17. Nxd6 Qxd6 18. Qd3 f5 19. Ne5 cxd4 20. Rfe1 dxc3 21.
bxc3 Qc5+ 22. Re3 Be4 23. Nd7 Bxd3 24. Nxc5 Bxc2 25. Nxe6 Rfe8 26. Ra2 Be4 27.
Rae2 Nd5 28. Rxe4 fxe4 29. Rxe4 Rxc3 30. Kf2 Nf6 31. Re1 Ra3 32. h3 Rxa4 33.
Kf3 Kf7 34. Ng5+ hxg5 35. Rxe8 Kxe8 0-1

[Event "14. Bayer Open"]
[Site "Leverkusen"]
[Date "2016.02.29"]
[Round "5.49"]
[White "Falge, Rainer"]
[Black "Barche, Uwe"]
[Result "1-0"]
[WhiteElo "1536"]
[BlackElo "1274"]
[PlyCount "133"]
[EventDate "2016.??.??"]
[WhiteTeam "SG Solingen"]
[BlackTeam "SG Solingen"]

1. e4 e6 2. d4 d5 3. e5 c5 4. c3 Nc6 5. Nf3 Bd7 6. Be3 Qb6 7. Qc1 cxd4 8. cxd4
Rc8 9. Nc3 Nge7 10. Bd3 Nb4 11. Be2 Nf5 12. O-O Nxe3 13. fxe3 Be7 14. a3 Nc6
15. Rb1 Na5 16. Nd2 a6 17. Qd1 Qd8 18. Rc1 b5 19. Bd3 O-O 20. Qh5 g6 21. Qf3 f6
22. Qg3 fxe5 23. Qxe5 Nc6 24. Qg3 Kg7 25. Nf3 Qc7 26. Qe1 Rf6 27. Qe2 Rcf8 28.
Nd1 e5 29. dxe5 Re6 30. Nc3 Nxe5 31. Nxd5 Nxf3+ 32. gxf3 Qe5 33. Nxe7 Rxe7 34.
Be4 Bf5 35. Bxf5 Rxf5 36. Rc3 Qf6 37. Kh1 Rf7 38. e4 Rf4 39. e5 Qe6 40. Qe3
R7f5 41. Rc5 Rh4 42. Rc7+ Rf7 43. Rxf7+ Kxf7 44. Qa7+ Kf8 45. Qb8+ Kg7 46. Qc7+
Kh6 47. Qc1+ Kg7 48. Qe3 Qh3 49. Qf2 Rh5 50. f4 Rh4 51. Re1 g5 52. Re4 Qd3 53.
Re3 Rxf4 54. Rxd3 Rxf2 55. Rd6 Rxb2 56. Rxa6 Re2 57. e6 Kf6 58. Rb6 Rxe6 59.
Rxb5 Ra6 60. Rb3 Ke5 61. Kg2 Kd4 62. Kg3 Kc4 63. Rf3 h5 64. Re3 Kd4 65. Kf3
Rf6+ 66. Ke2 Rf4 67. Rf3 {Restliche Notation fehlt.} 1-0

[Event "14. Bayer Open"]
[Site "Leverkusen"]
[Date "2016.02.29"]
[Round "5.50"]
[White "Weirich, Ralf"]
[Black "Jacobi, Bernd"]
[Result "1-0"]
[WhiteElo "1229"]
[BlackElo "1465"]
[PlyCount "103"]
[EventDate "2016.??.??"]
[WhiteTeam "TV Witzhelden"]
[BlackTeam "Langenfelder SF"]

1. e4 e6 2. d4 d5 3. e5 c5 4. c3 Qb6 5. Nf3 Bd7 6. Be2 Bb5 7. Bxb5+ Qxb5 8. a4
Qa6 9. a5 b6 10. Qa4+ b5 11. Qa2 Nd7 12. O-O Ne7 13. Re1 Ng6 14. Bd2 Be7 15. b4
cxb4 16. cxb4 O-O 17. Bc3 Rac8 18. Rc1 Bxb4 19. Qb3 Be7 20. Na3 Rb8 21. Bb4
Rfc8 22. Bxe7 Nxe7 23. Qb4 Rxc1+ 24. Rxc1 Rc8 25. Rxc8+ Qxc8 26. h3 Nc6 27.
Qxb5 a6 28. Qb1 Nxa5 29. Ng5 g6 30. h4 Qf8 31. Qd3 Kg7 32. Nc2 Nc4 33. h5 Qe7
34. f4 f6 35. Nh3 f5 36. Qg3 Nf8 37. Ne1 Nd2 38. hxg6 h6 39. Qd3 Nc4 40. Qg3 a5
41. Nf3 a4 42. Ne1 Qa3 43. Qh4 Nd7 44. Qd8 Ncb6 45. Qe8 Qf8 46. Qxe6 a3 47. Nc2
a2 48. Na1 Kh8 49. Qc6 Qe7 50. e6 Qf6 51. exd7 Qxd4+ 52. Kh2 1-0

[Event "14. Bayer Open"]
[Site "Leverkusen"]
[Date "2016.02.29"]
[Round "5.51"]
[White "Wotzka, Anton"]
[Black "Becker, Johann"]
[Result "0-1"]
[WhiteElo "1507"]
[BlackElo "1506"]
[PlyCount "62"]
[EventDate "2016.??.??"]
[WhiteTeam "SF Schlebusch"]
[BlackTeam "TV Witzhelden"]

1. e4 c5 2. Nf3 Nc6 3. d4 cxd4 4. Nxd4 g6 5. c3 Bg7 6. Be3 Nf6 7. Bd3 d5 8.
exd5 Nxd5 9. Nxc6 bxc6 10. Qe2 O-O 11. O-O Qc7 12. Nd2 Rb8 13. Rab1 Re8 14. h3
e5 15. f3 f5 16. Qf2 Nxe3 17. Qxe3 Be6 18. a3 Rbd8 19. Bc4 Qd7 20. Bxe6+ Rxe6
21. Nb3 Rd6 22. Nc5 Qe7 23. Kh1 Bf6 24. f4 e4 25. g3 Rd5 26. b4 Qf7 27. Rf2 Be7
28. c4 Bxc5 29. bxc5 Rd3 30. Qc1 Rxg3 31. Kh2 Rdd3 0-1

[Event "14. Bayer Open"]
[Site "Leverkusen"]
[Date "2016.02.29"]
[Round "5.52"]
[White "Roder, Stephan"]
[Black "Diaubalick, Ulrich"]
[Result "0-1"]
[WhiteElo "1360"]
[BlackElo "1537"]
[PlyCount "68"]
[EventDate "2016.??.??"]
[WhiteTeam "Bergische SF"]
[BlackTeam "SF Düsseldorf-Süd"]

1. d4 Nf6 2. Nf3 g6 3. g3 d6 4. Bg2 Bg7 5. O-O O-O 6. c3 Nbd7 7. Qc2 e5 8. e3
e4 9. Nfd2 d5 10. c4 c6 11. Nc3 Nb6 12. c5 Nbd7 13. b4 Ne8 14. Rb1 Ndf6 15. a4
Bf5 16. Ba3 Qc8 17. b5 Bh3 18. bxc6 bxc6 19. Rb2 Bxg2 20. Kxg2 Nc7 21. f3 exf3+
22. Rxf3 Ne6 23. h4 Ng4 24. Qd3 f5 25. Rb1 Qc7 26. Ne2 Bh6 27. Rbf1 Qa5 28. Nc3
Rae8 29. Nb3 Qd8 30. Bc1 Ng7 31. Nd1 Nh5 32. Na1 Re7 33. Bd2 Rfe8 34. Nc2 Ngf6
{Zeit.} 0-1

[Event "14. Bayer Open"]
[Site "Leverkusen"]
[Date "2016.02.29"]
[Round "5.53"]
[White "Dörper, Georg"]
[Black "Kinnert, Reinhard"]
[Result "1-0"]
[WhiteElo "1340"]
[BlackElo "1495"]
[PlyCount "111"]
[EventDate "2016.??.??"]
[WhiteTeam "SF Düsseldorf-Süd"]
[BlackTeam "TV Witzhelden"]

1. d4 g6 2. c4 Bg7 3. Nc3 e6 4. Nf3 Ne7 5. Bg5 f6 6. Bd2 b6 7. e4 Bb7 8. Be2
O-O 9. O-O a6 10. Rc1 c6 11. Bf4 d6 12. Qd2 g5 13. Be3 b5 14. b3 Nd7 15. d5
cxd5 16. cxd5 e5 17. h4 h6 18. hxg5 hxg5 19. Nh2 Qe8 20. Bg4 Bc8 21. Be6+ Kh7
22. Ne2 Qg6 23. Ng3 Qe8 24. Nf5 Nxf5 25. Bxf5+ Kh8 26. Rc7 Qd8 27. Rfc1 Nc5 28.
Rxc8 Rxc8 29. Bxc8 Qxc8 30. b4 Rf7 31. bxc5 dxc5 32. Rxc5 Qd7 33. Qc1 g4 34.
Rc8+ Kh7 35. Qc6 f5 36. Qxd7 Rxd7 37. exf5 g3 38. fxg3 Rxd5 39. Nf3 Rd1+ 40.
Kh2 Bf6 41. Rc7+ Kg8 42. Rc6 Rd3 43. Bh6 e4 44. Rxf6 exf3 45. gxf3 Ra3 46. Bf8
Rxa2+ 47. Kh3 a5 48. Bd6 b4 49. Be5 b3 50. Rg6+ Kf7 51. Ra6 a4 52. Kg4 a3 53.
Bd6 b2 54. Rb6 Ke8 55. Bxa3 Rxa3 56. Rxb2 1-0

[Event "14. Bayer Open"]
[Site "Leverkusen"]
[Date "2016.02.29"]
[Round "5.54"]
[White "Multhauf, Stefan"]
[Black "Teuber, Alfons"]
[Result "1-0"]
[WhiteElo "1610"]
[BlackElo "1037"]
[PlyCount "87"]
[EventDate "2016.??.??"]
[WhiteTeam "Königsspringer Leverkusen"]
[BlackTeam "BSW Opladen"]

1. c4 Nf6 2. g3 c6 3. Bg2 e6 4. e4 Bc5 5. d4 Bb4+ 6. Nc3 d6 7. Nge2 d5 8. cxd5
exd5 9. e5 Ne4 10. O-O Be6 11. f4 Nxc3 12. bxc3 Ba5 13. Ba3 b5 14. Bb4 Bg4 15.
h3 Bf5 16. g4 Be4 17. Bxe4 Bxb4 18. Bxd5 Ba3 19. Bxf7+ Kf8 20. e6 Be7 21. Ng3
g6 22. Qf3 Qd5 23. Qxd5 cxd5 24. f5 Kg7 25. Rf3 a6 26. Raf1 Bf6 27. fxg6 Bxd4+
28. cxd4 Nc6 29. Nf5+ Kf6 30. g7 Kg5 31. gxh8=Q Rxh8 32. e7 Nb4 33. e8=Q Rxe8
34. Bxe8 Nxa2 35. Ne7 Nb4 36. Nxd5 Nc2 37. Rd1 b4 38. Ba4 Na3 39. Nxb4 Nc4 40.
Nxa6 Nb2 41. Ra1 h5 42. Bb5 hxg4 43. hxg4 Kxg4 44. Rb3 1-0

[Event "14. Bayer Open"]
[Site "Leverkusen"]
[Date "2016.02.29"]
[Round "5.56"]
[White "Paul, André David"]
[Black "Seelig, Jochen"]
[Result "0-1"]
[WhiteElo "1492"]
[BlackElo "1312"]
[PlyCount "118"]
[EventDate "2016.??.??"]
[WhiteTeam "Kölner SK Dr. Lasker"]
[BlackTeam "SF Schlebusch"]

1. d4 b6 2. c4 Bb7 3. d5 e6 4. e4 Bb4+ 5. Nc3 Bxc3+ 6. bxc3 Qe7 7. Qd3 exd5 8.
cxd5 Nf6 9. f3 Nxd5 10. Ne2 Nf6 11. Bf4 d6 12. Ng3 g6 13. Qd4 Nbd7 14. Bb5
O-O-O 15. Bg5 Qe6 16. Bxd7+ Nxd7 17. Bxd8 Rxd8 18. O-O Re8 19. Rfe1 h5 20. Qf2
Nc5 21. Rad1 Qc4 22. Qd4 Ba6 23. Qxc4 Bxc4 24. Rd4 b5 25. Nf1 Bxf1 26. Kxf1 Na4
27. c4 a6 28. cxb5 axb5 29. Rb1 Re5 30. Rc1 Rc5 31. Rxc5 Nxc5 32. Rd5 f6 33.
Ke2 Kd7 34. Rd2 Ke6 35. g3 g5 36. Ke3 Nd7 37. f4 Nb6 38. Rc2 c5 39. Kd3 Na4 40.
Ke3 d5 41. f5+ Ke5 42. exd5 Kxd5 43. h3 c4 44. Rd2+ Ke5 45. g4 hxg4 46. hxg4 b4
47. Rd8 b3 48. Re8+ Kd5 49. Rd8+ Kc5 50. Rc8+ Kb4 51. axb3 cxb3 52. Kd4 b2 53.
Rb8+ Ka3 54. Rxb2 Kxb2 55. Kd5 Nc3+ 56. Ke6 Ne4 57. Kd5 Nf2 58. Kd4 Nxg4 59.
Ke4 Nh6 0-1

[Event "14. Bayer Open"]
[Site "Leverkusen"]
[Date "2016.02.29"]
[Round "5.57"]
[White "Scheunemann, Uwe"]
[Black "Johann, Hans Werner"]
[Result "1-0"]
[WhiteElo "1446"]
[BlackElo "1339"]
[PlyCount "83"]
[EventDate "2016.??.??"]
[WhiteTeam "TV Witzhelden"]
[BlackTeam "TV Witzhelden"]

1. c4 e5 2. g3 Nc6 3. a3 Nf6 4. Bg2 d6 5. e3 Be7 6. Ne2 O-O 7. O-O Bd7 8. h3 h6
9. b4 a6 10. Bb2 Qc8 11. Kh2 Nh7 12. f4 f6 13. Qc2 Bf5 14. e4 Bd7 15. f5 Na7
16. d4 exd4 17. Nxd4 Nc6 18. Nxc6 Bxc6 19. Nc3 Ng5 20. Nd5 Qd7 21. Nf4 Kh7 22.
h4 Nf7 23. Ne6 Rg8 24. Bh3 Ne5 25. Rae1 Qc8 26. Nf4 b6 27. Ng6 Qd8 28. h5 b5
29. Bxe5 fxe5 30. Rd1 Bf6 31. c5 d5 32. exd5 Bxd5 33. c6 Qd6 34. Bg2 Qxc6 35.
Qxc6 Bxc6 36. Bxc6 Rad8 37. Bd5 Rxd5 38. Rxd5 e4 39. Nf4 e3 40. Re1 Re8 41. Ne6
c6 42. Rd3 1-0

[Event "14. Bayer Open"]
[Site "Leverkusen"]
[Date "2016.03.14"]
[Round "6.1"]
[White "Rotstein, Jefim"]
[Black "Kniest, Oliver"]
[Result "1/2-1/2"]
[WhiteElo "2268"]
[BlackElo "2252"]
[PlyCount "82"]
[EventDate "2016.??.??"]
[WhiteTeam "SC Tornado Hochneukirch"]
[BlackTeam "SG Solingen"]

1. e4 e6 2. d4 d5 3. Nd2 c5 4. exd5 Qxd5 5. Ngf3 cxd4 6. Bc4 Qd6 7. O-O Nf6 8.
Nb3 Nc6 9. Nbxd4 Nxd4 10. Nxd4 a6 11. a4 Qc7 12. b3 Bd6 13. h3 Bd7 14. Qe2 O-O
15. Bb2 Rfe8 16. Rad1 Rad8 17. Nf3 e5 18. Rfe1 b5 19. axb5 axb5 20. Bxb5 Bxb5
21. Qxb5 Qxc2 22. Rd2 Qf5 23. Rde2 Rb8 24. Qc6 Re6 25. Nd4 exd4 26. Rxe6 Bh2+
27. Kxh2 fxe6 28. Qxe6+ Qxe6 29. Rxe6 Rd8 30. Bc1 Kf7 31. Re5 Rb8 32. Bg5 Rxb3
33. Bxf6 Kxf6 34. Rd5 Rb4 35. Kg3 Ke6 36. Rd8 Ke7 37. Rg8 Kf7 38. Ra8 Ke6 39.
Ra7 Kf6 40. Kf3 Rb3+ 41. Ke4 Rb2 1/2-1/2

[Event "14. Bayer Open"]
[Site "Leverkusen"]
[Date "2016.03.14"]
[Round "6.3"]
[White "Auer, Martin"]
[Black "Schulte-Lentz, Christian"]
[Result "1/2-1/2"]
[WhiteElo "2170"]
[BlackElo "2105"]
[PlyCount "70"]
[EventDate "2016.??.??"]
[WhiteTeam "SG Solingen"]
[BlackTeam "Langenfelder SF"]

1. g3 d5 2. Bg2 c5 3. Nf3 Nc6 4. O-O Nf6 5. d3 e6 6. Nbd2 Be7 7. e4 O-O 8. Re1
b5 9. e5 Nd7 10. h4 a5 11. Nf1 b4 12. Bf4 Ba6 13. Ne3 a4 14. a3 bxa3 15. bxa3
Rb8 16. c4 dxc4 17. Nxc4 Bxc4 18. dxc4 Nb6 19. Nd2 Nd4 20. Be4 Qc8 21. Rc1 Rd8
22. Rc3 Rd7 23. Qg4 Kh8 24. Nf3 Nxf3+ 25. Qxf3 Qa6 26. Be3 Kg8 27. Qe2 Nc8 28.
Qc2 h6 29. Kg2 Na7 30. Qe2 Rb3 31. Rec1 Nc6 32. f4 Nd4 33. Qd1 Qa5 34. Rd3 Rd8
35. Kh3 Rxd3 1/2-1/2

[Event "14. Bayer Open"]
[Site "Leverkusen"]
[Date "2016.03.14"]
[Round "6.4"]
[White "Ljuboschiz, Alexander"]
[Black "Stillger, Bernhard"]
[Result "1/2-1/2"]
[WhiteElo "2040"]
[BlackElo "2231"]
[PlyCount "69"]
[EventDate "2016.??.??"]
[WhiteTeam "SC Tornado Hochneukirch"]
[BlackTeam "SV Dinslaken"]

1. e4 e6 2. d4 d5 3. Nc3 Nf6 4. Bg5 Bb4 5. e5 h6 6. Bd2 Bxc3 7. Bxc3 Ne4 8. Ne2
O-O 9. f3 Nxc3 10. Nxc3 f6 11. exf6 Qxf6 12. Qd2 a6 13. O-O-O Qf4 14. Qxf4 Rxf4
15. Ne2 Rf6 16. f4 Bd7 17. g3 Be8 18. Bg2 Bh5 19. Rde1 Nd7 20. f5 Bxe2 21. Rxe2
exf5 22. Bxd5+ Kf8 23. Bxb7 Rb8 24. Bd5 Re8 25. Rxe8+ Kxe8 26. Re1+ Kd8 27. Re6
a5 28. Rxf6 Nxf6 29. Bf3 Ke7 30. Kd2 Kd6 31. Kd3 g6 32. c4 c5 33. b3 h5 34. a3
h4 35. gxh4 {Ab hier ist die Notation nicht mehr nach vollziehbar.} 1/2-1/2

[Event "14. Bayer Open"]
[Site "Leverkusen"]
[Date "2016.03.14"]
[Round "6.5"]
[White "Lemanczyk, Thomas"]
[Black "Ramien, David"]
[Result "1-0"]
[WhiteElo "2159"]
[BlackElo "2054"]
[PlyCount "65"]
[EventDate "2016.??.??"]
[WhiteTeam "SG Solingen"]
[BlackTeam "SG Porz"]

1. d4 g6 2. e4 Bg7 3. c3 d6 4. Nf3 Nd7 5. Bc4 e6 6. O-O Ne7 7. Bb3 O-O 8. a4 e5
9. Re1 h6 10. Nbd2 exd4 11. Nxd4 Nc5 12. Bc4 Nc6 13. Nxc6 bxc6 14. Qf3 a5 15.
Nf1 Be6 16. Ne3 Qh4 17. e5 Bxe5 18. g3 Qe7 19. Qxc6 Nb3 20. Bxb3 Bxb3 21. Nd5
Bxd5 22. Qxd5 g5 23. f4 gxf4 24. Bxf4 Rfe8 25. Bxh6 Rab8 26. Re2 Kh7 27. Be3
Rg8 28. Rf1 Rg7 29. Rf5 Bxg3 30. Rh5+ Kg8 31. hxg3 Rxg3+ 32. Kf2 Rxb2 33. Qa8+
1-0

[Event "14. Bayer Open"]
[Site "Leverkusen"]
[Date "2016.03.14"]
[Round "6.6"]
[White "Kesseler, Heiko"]
[Black "Mohaupt, Sascha"]
[Result "1-0"]
[WhiteElo "1993"]
[BlackElo "2184"]
[PlyCount "77"]
[EventDate "2016.??.??"]
[WhiteTeam "Elberfelder SG"]
[BlackTeam "SV Wermelskirchen"]

1. e4 c5 2. Nf3 Nc6 3. c3 d5 4. exd5 Qxd5 5. d4 Bg4 6. Be2 e6 7. h3 Bf5 8. Be3
cxd4 9. Nxd4 Nxd4 10. Bxd4 e5 11. Be3 Qxd1+ 12. Bxd1 Ne7 13. Ba4+ Bd7 14. Bxd7+
Kxd7 15. Ke2 Nd5 16. Rd1 Kc6 17. a4 Be7 18. Na3 f6 19. Nc4 Rhd8 20. Na5+ Kc7
21. Rac1 b6 22. Nc4 Kb7 23. Rd3 Rac8 24. b3 e4 25. Rdd1 f5 26. g3 Bf6 27. Bd4
Bxd4 28. cxd4 a6 29. Kd2 Nb4 30. Ke3 Nd5+ 31. Kd2 g6 32. h4 b5 33. axb5 axb5
34. Na3 Kb6 35. Rxc8 Rxc8 36. Nc2 Rc3 37. Nb4 e3+ 38. fxe3 Nxe3 39. Rb1 1-0

[Event "14. Bayer Open"]
[Site "Leverkusen"]
[Date "2016.03.14"]
[Round "6.7"]
[White "Heller, Achim"]
[Black "Pejkovic, Patrick Slavko"]
[Result "1-0"]
[WhiteElo "1907"]
[BlackElo "2049"]
[PlyCount "85"]
[EventDate "2016.??.??"]
[WhiteTeam "SG Ennepe-Ruhr-Süd"]
[BlackTeam "Langenfelder SF"]

1. d4 Nf6 2. c4 c5 3. d5 b5 4. cxb5 a6 5. b6 d6 6. Nc3 Qxb6 7. e4 Nbd7 8. Nf3
g6 9. Nd2 Bg7 10. Nc4 Qc7 11. Be2 Nb6 12. Ne3 O-O 13. O-O e6 14. a4 exd5 15. a5
d4 16. axb6 Qb8 17. Ncd5 dxe3 18. Nxf6+ Bxf6 19. fxe3 Be5 20. Bc4 Qxb6 21. Rxf7
Rxf7 22. Bxf7+ Kg7 23. Ra3 Bd7 24. Bc4 Bc6 25. Rb3 Qd8 26. Qg4 Qf6 27. Bd2 Rf8
28. Be1 h5 29. Qe2 Bxe4 30. Bxa6 d5 31. Bd3 Bxd3 32. Qxd3 Kh6 33. Qe2 c4 34.
Rb7 Qc6 35. Bb4 Ra8 36. Rf7 Qe6 37. Bf8+ Kg5 38. h4+ Kxh4 39. Be7+ g5 40. Qf2+
Kg4 41. Qf3+ Kh4 42. Rf4+ Qg4 43. Qh3# 1-0

[Event "14. Bayer Open"]
[Site "Leverkusen"]
[Date "2016.03.14"]
[Round "6.8"]
[White "Balduan, Markus"]
[Black "Angermünde, Dirk"]
[Result "1-0"]
[WhiteElo "2228"]
[BlackElo "1966"]
[PlyCount "109"]
[EventDate "2016.??.??"]
[WhiteTeam "TV Witzhelden"]
[BlackTeam "SF Gerresheim"]

1. Nf3 Nf6 2. c4 e6 3. Nc3 d5 4. d4 Be7 5. Bg5 h6 6. Bxf6 Bxf6 7. e3 O-O 8. Qc2
c6 9. h4 Re8 10. O-O-O e5 11. dxe5 Bxe5 12. cxd5 Bxc3 13. Qxc3 cxd5 14. Nd4 Nc6
15. Kb1 Qf6 16. Nxc6 Qxc3 17. bxc3 bxc6 18. Bd3 Be6 19. Rd2 Rab8+ 20. Rb2 Rxb2+
21. Kxb2 Kf8 22. Rc1 Rb8+ 23. Ka3 Ke7 24. c4 Kd6 25. c5+ Kc7 26. Rh1 h5 27. Rd1
Bd7 28. Be2 g6 29. Rd4 Rb1 30. Ra4 Kb7 31. Rb4+ Rxb4 32. Kxb4 Be6 33. a3 Kc7
34. Bd3 Kb7 35. Kc3 Bf5 36. Be2 f6 37. f3 Be6 38. g4 Bf7 39. Kd4 Be8 40. Bd3
Bf7 41. g5 fxg5 42. hxg5 h4 43. Ke5 h3 44. Bf1 h2 45. Bg2 Ka6 46. Kf6 Be8 47.
Ke7 Kb5 48. Kxe8 Kxc5 49. f4 Kd6 50. f5 gxf5 51. g6 f4 52. exf4 d4 53. g7 d3
54. g8=Q d2 55. Qg4 1-0

[Event "14. Bayer Open"]
[Site "Leverkusen"]
[Date "2016.03.14"]
[Round "6.9"]
[White "Brinkmann, Sven"]
[Black "Keller, Karsten"]
[Result "0-1"]
[WhiteElo "2000"]
[BlackElo "2118"]
[PlyCount "84"]
[EventDate "2016.??.??"]
[WhiteTeam "SF Köln-Mülheim"]
[BlackTeam "Langenfelder SF"]

1. e4 c5 2. Nc3 Nc6 3. g3 g6 4. Bg2 Bg7 5. d3 d6 6. Be3 Nf6 7. h3 e5 8. Nge2
O-O 9. O-O b5 10. Qd2 b4 11. Nd1 a5 12. f4 Nd4 13. g4 h5 14. g5 Nh7 15. h4 Bg4
16. Ng3 exf4 17. Bxf4 f6 18. Ne3 fxg5 19. hxg5 Bf3 20. Nc4 Bxg2 21. Qxg2 Nxg5
22. Rf2 h4 23. Bxg5 Qxg5 24. Ne2 Nxe2+ 25. Rxe2 Bd4+ 26. Kh1 Qxg2+ 27. Rxg2 Rf6
28. Re1 Raf8 29. Ree2 Kg7 30. Kh2 Bf2 31. Nxa5 Bg3+ 32. Kh3 Rf3 33. Nc4 g5 34.
Re3 Kg6 35. Rxf3 Rxf3 36. Nd2 Kh5 37. Re2 g4+ 38. Kg2 h3+ 39. Kg1 h2+ 40. Kg2
Kh4 41. a4 bxa3 42. bxa3 Bf4 0-1

[Event "14. Bayer Open"]
[Site "Leverkusen"]
[Date "2016.03.14"]
[Round "6.10"]
[White "Reif, Frank"]
[Black "Reinemer, Frank"]
[Result "0-1"]
[WhiteElo "1775"]
[BlackElo "2111"]
[PlyCount "102"]
[EventDate "2016.??.??"]
[WhiteTeam "TV Witzhelden"]
[BlackTeam "Langenfelder SF"]

1. e4 Nf6 2. e5 Nd5 3. d4 d6 4. Nf3 g6 5. Bc4 Nb6 6. Bb3 Bg7 7. Qe2 O-O 8. Bf4
Bg4 9. e6 d5 10. exf7+ Rxf7 11. Be5 Qf8 12. Bxg7 Qxg7 13. Nbd2 Nc6 14. c3 e5
15. dxe5 Nxe5 16. O-O-O Nxf3 17. Nxf3 c6 18. Rhe1 Bxf3 19. gxf3 Qh6+ 20. Kb1
Qxh2 21. Rd3 Qf4 22. Qe6 Nd7 23. Qe2 Nc5 24. Re3 Nxb3 25. axb3 Raf8 26. Ka2 a6
27. Rg1 Qc7 28. Rg3 Qa5+ 29. Kb1 Qb5 30. Qc2 Qf1+ 31. Ka2 Qh1 32. Re6 Qh5 33.
Qe2 Rxf3 34. Re8 Rxe8 35. Qxe8+ Rf8 36. Qe6+ Rf7 37. Qc8+ Kg7 38. Re3 Qf5 39.
Qb8 Qf4 40. Qc8 Qf5 41. Qb8 Qxf2 42. Re8 Qf4 43. Rg8+ Kh6 44. Qc8 Qf3 45. Qb8
Kh5 46. Qe5+ Kg4 47. Re8 Qf4 48. Qe1 h5 49. Re2 Kg5 50. Rg2+ Kh6 51. Qe6 Qf5
0-1

[Event "14. Bayer Open"]
[Site "Leverkusen"]
[Date "2016.03.14"]
[Round "6.11"]
[White "Krüger, Andre"]
[Black "Wirtz, Uwe"]
[Result "1-0"]
[WhiteElo "2086"]
[BlackElo "1850"]
[PlyCount "49"]
[EventDate "2016.??.??"]
[WhiteTeam "SV Mülheim-Nord"]
[BlackTeam "Königsspringer Leverkusen"]

1. Nf3 d5 2. c4 e6 3. g3 Nf6 4. Bg2 Be7 5. O-O O-O 6. d4 c6 7. Qc2 Nbd7 8. Nbd2
b6 9. Rd1 Bb7 10. b3 Rc8 11. e4 dxe4 12. Nxe4 Nxe4 13. Qxe4 Nf6 14. Qe2 Qc7 15.
Bf4 Bd6 16. Ne5 Qe7 17. Bg5 h6 18. Bxf6 gxf6 19. Ng4 Kg7 20. Rd3 Rh8 21. Rad1
h5 22. Ne3 h4 23. c5 hxg3 24. fxg3 Ba6 25. cxd6 1-0

[Event "14. Bayer Open"]
[Site "Leverkusen"]
[Date "2016.03.14"]
[Round "6.12"]
[White "Kies, Werner"]
[Black "Boschek, Hans-Joachim"]
[Result "1/2-1/2"]
[WhiteElo "1861"]
[BlackElo "1791"]
[PlyCount "67"]
[EventDate "2016.??.??"]
[WhiteTeam "SC Bayer Leverkusen"]
[BlackTeam "SG Solingen"]

1. e4 e6 2. d4 d5 3. Nd2 Nf6 4. e5 Nfd7 5. Bd3 c5 6. c3 Nc6 7. Ne2 cxd4 8. cxd4
f6 9. exf6 Nxf6 10. O-O Bd6 11. Nf3 Qc7 12. Nc3 a6 13. h3 O-O 14. a3 g6 15. Bh6
Rf7 16. Ne2 e5 17. dxe5 Nxe5 18. Nxe5 Bxe5 19. Rc1 Qd6 20. Qc2 Be6 21. b4 Re8
22. f4 Qb6+ 23. Kh1 Bb8 24. f5 Bxf5 25. Bxf5 gxf5 26. Qxf5 Qd6 27. Bf4 Qd7 28.
Nd4 Ne4 29. Qxd7 Rxd7 30. g4 Bxf4 31. Rxf4 Nd6 32. Kg2 Re3 33. Rf3 Rxf3 34.
Kxf3 1/2-1/2

[Event "14. Bayer Open"]
[Site "Leverkusen"]
[Date "2016.03.14"]
[Round "6.14"]
[White "Goerke, Joachim"]
[Black "Alexopoulos, Spiros Orestis"]
[Result "1/2-1/2"]
[WhiteElo "1996"]
[BlackElo "1859"]
[PlyCount "65"]
[EventDate "2016.??.??"]
[WhiteTeam "SG Solingen"]
[BlackTeam "Aachener SV"]

1. e4 d5 2. exd5 Nf6 3. c4 e6 4. Nf3 exd5 5. d4 Bb4+ 6. Bd2 Qe7+ 7. Be2 O-O 8.
O-O dxc4 9. Re1 Bxd2 10. Nbxd2 Qd8 11. Nxc4 Be6 12. Nce5 Nbd7 13. Bd3 Nd5 14.
Rc1 Nxe5 15. dxe5 Nf4 16. Bf1 Qxd1 17. Rexd1 Rfd8 18. Rd4 Rxd4 19. Nxd4 Rd8 20.
Nxe6 Nxe6 21. g3 Rd2 22. Bc4 c6 23. b4 Nd4 24. Kg2 Kf8 25. a4 Nc2 26. b5 Ne3+
27. Kf3 Nxc4 28. Rxc4 cxb5 29. axb5 Rd5 30. Rc8+ Ke7 31. Rc7+ Rd7 32. Rc8 Rd5
33. Rc7+ 1/2-1/2

[Event "14. Bayer Open"]
[Site "Leverkusen"]
[Date "2016.03.14"]
[Round "6.15"]
[White "Sockel, Karl-Heinz"]
[Black "Linke, Michael"]
[Result "1-0"]
[WhiteElo "1863"]
[BlackElo "1792"]
[PlyCount "39"]
[EventDate "2016.??.??"]
[WhiteTeam "SC Bayer Leverkusen"]
[BlackTeam "Ford SF Köln"]

1. d4 Nf6 2. Nf3 g6 3. e3 Bg7 4. Nbd2 O-O 5. Be2 d5 6. O-O Re8 7. Ne5 c5 8. b3
cxd4 9. exd4 Nc6 10. Bb2 Bf5 11. Nxc6 bxc6 12. c4 Rb8 13. Nf3 Ne4 14. Ne5 Qb6
15. Bd3 Rbd8 16. Qe2 Qc7 17. Rac1 f6 18. Nxc6 Qxc6 19. cxd5 Qxd5 20. Bc4 1-0

[Event "14. Bayer Open"]
[Site "Leverkusen"]
[Date "2016.03.14"]
[Round "6.17"]
[White "Weber, Olaf"]
[Black "Grah, Ulrich"]
[Result "1/2-1/2"]
[WhiteElo "1863"]
[BlackElo "1826"]
[PlyCount "48"]
[EventDate "2016.??.??"]
[WhiteTeam "SF Lohmar"]
[BlackTeam "SG Solingen"]

1. d4 Nf6 2. Nf3 g6 3. c4 Bg7 4. Nc3 O-O 5. g3 d6 6. Bg2 Nc6 7. O-O a6 8. Qd3
Nb4 9. Qd2 Rb8 10. b3 Bg4 11. Bb2 Nc6 12. d5 Bxf3 13. exf3 Ne5 14. f4 Ned7 15.
Ne2 Re8 16. Nd4 Nc5 17. Rfe1 Qd7 18. Rad1 e5 19. dxe6 Nxe6 20. Nxe6 Rxe6 21.
Rxe6 Qxe6 22. Re1 Qd7 23. Re2 b6 24. Bxf6 Bxf6 1/2-1/2

[Event "14. Bayer Open"]
[Site "Leverkusen"]
[Date "2016.03.14"]
[Round "6.19"]
[White "Gnass, Arno"]
[Black "Goßmann, Jochen"]
[Result "0-1"]
[WhiteElo "1629"]
[BlackElo "1841"]
[PlyCount "68"]
[EventDate "2016.??.??"]
[WhiteTeam "Bergische SF"]
[BlackTeam "SG Kalker/Deutzer"]

1. d4 Nf6 2. Nf3 g6 3. c4 c5 4. d5 b5 5. cxb5 a6 6. Bg5 d6 7. Bxf6 exf6 8. g3
axb5 9. Bg2 f5 10. Nbd2 Bg7 11. Qc1 Qf6 12. h4 Qxb2 13. Qxb2 Bxb2 14. Rb1 Rxa2
15. h5 Bd7 16. hxg6 hxg6 17. O-O O-O 18. e4 Bc3 19. Rfd1 b4 20. Nc4 fxe4 21.
Ng5 Bg4 22. f3 exf3 23. Nxf3 Bd4+ 24. Kh1 Kg7 25. Rd2 Rh8+ 26. Nh2 Rxd2 27.
Nxd2 Be5 28. Kg1 Bf5 29. Rb3 Bd4+ 30. Kh1 Bc3 31. Ne4 Bxe4 32. Bxe4 Nd7 33. Kg2
Ra8 34. Rb1 Ra2+ 0-1